000 00726ngm a22003010a 4500
001 PT41987
003 AR-LpoUNG
005 20210201232334.0
007 co ||u|||uuuuu
008 191001s2002||||ag |||||||||||||||||spa d
037 _c$6.80
040 _aAR-LpoUNG
_bspa
_cAR-LpoUNG
_eaacr
041 _aspa
044 _aag
082 0 _a787.87 94gui
100 1 _aYupanqui, Atahualpa
245 1 3 _aLa guitarra :
_bgrabaciones inéditas
260 _aBuenos Aires :
_bMelopea,
_c2002.
300 _a1 disco son. (ca. 44 min.)
650 4 _aARTE POPULAR
650 4 _aCULTURA POPULAR
650 4 _aFOLKLORE
650 4 _aMUSICA
651 4 _aArgentina
653 _aCDS
905 _a41987
942 _cCDDVD
999 _c53422
_d53422